000 00751cab a2200229 4500
001 WB3421-46
008 090401t1998 xxu||||| |||| 00| 0 eng d
035 _a(Sirsi) u86586
041 _aeng
245 _aRural services partnership
260 _c1998
350 _a0
490 _aRural Development Commission News Release
_v1 June 1998, (2)
520 _aThe Rural Services Partnership has been launched. It is a coalition of local authorities with the most sparsely populated areas, who are pressing for their fair share of public funds.
650 _aLOCAL AUTHORITIES
650 _aPUBLIC FUNDING
650 _aRURAL AREAS
650 _aRURAL SERVICES PARTNERSHIP
690 _aRURAL PRACTICE
942 _n0
948 _c04/06/1998
999 _c54514
_d54514